| 000 | 00432cam a2200157 a 4500 | ||
|---|---|---|---|
| 040 | _cDLC | ||
| 082 | 0 | 0 | _a726 SIN 1983 A085 Or. |
| 100 | 1 | _aLip, Evelyn. | |
| 245 | 1 | 0 | _aChinese temple architecture in Singapore / |
| 260 |
_aSingapore : _bSingapore University Press, _cc1983. |
||
| 300 |
_a114 p. : _bill. (some col.), map ; _c28 cm. |
||
| 500 | _aIncludes index. | ||
| 650 | 0 | _aTemples, Chinese | |
| 650 | 0 | _aTemples | |
| 942 | _cEK | ||
| 999 |
_c12914 _d12914 |
||